Get clients now! a 28-day marketing program for professionals, consultants, and coaches /

Bibliographic Details
Main Author: Hayden, C. J.
Corporate Author: ProQuest (Firm)
Format: Electronic eBook
Language:English
Published: New York : American Management Association, c2007.
Edition:2nd ed.
Subjects:
Online Access:Click to View
LEADER 01966nam a22003734a 4500
001 EBC3001863
003 MiAaPQ
005 20200520144314.0
006 m o d |
007 cr cn|||||||||
008 060413s2007 nyua s 001 0 eng
010 |z  2006012211 
020 |z 9780814473740 
020 |z 0814473741 
035 |a (MiAaPQ)EBC3001863 
035 |a (Au-PeEL)EBL3001863 
035 |a (CaPaEBR)ebr10196207 
035 |a (CaONFJC)MIL112851 
035 |a (OCoLC)923565962 
040 |a MiAaPQ  |c MiAaPQ  |d MiAaPQ 
050 4 |a HF5415  |b .H296 2007 
082 0 4 |a 658.8  |2 22 
100 1 |a Hayden, C. J. 
245 1 0 |a Get clients now!  |h [electronic resource] :  |b a 28-day marketing program for professionals, consultants, and coaches /  |c C. J. Hayden. 
250 |a 2nd ed. 
260 |a New York :  |b American Management Association,  |c c2007. 
300 |a xiii, 239 p. :  |b ill. 
500 |a Includes index. 
505 0 |a What really works? : effective marketing strategies -- Where do you start? : the marketing and sales cycle -- Where are you headed? : setting your sales & marketing goal -- What's stopping you? : selecting your success ingredients -- Here's what to do : choosing from the action plan menu -- You're ready-- let's go! : putting the system into action -- Filling the pipeline : when you don't know enough people to contact -- Following up : when you know plenty of people but you're not contacting them -- Getting presentations : when you're contacting people but not getting appointments -- Closing sales : when you're making appointments but not getting sales. 
533 |a Electronic reproduction. Ann Arbor, MI : ProQuest, 2015. Available via World Wide Web. Access may be limited to ProQuest affiliated libraries. 
650 0 |a Marketing  |x Study and teaching. 
655 4 |a Electronic books. 
710 2 |a ProQuest (Firm) 
856 4 0 |u https://ebookcentral.proquest.com/lib/matrademy/detail.action?docID=3001863  |z Click to View